The Jyotirlingas: (Record no. 210687)

MARC details
000 -LEADER
fixed length control field 00558nam a2200181 4500
005 - DATE AND TIME OF LATEST TRANSACTION
control field 20250402161145.0
010 ## - LCCN (DPL NO)
LC control number ENG-144448
020 ## - INTERNATIONAL STANDARD BOOK NUMBER
International Standard Book Number 9789357316194
Terms of availability 399.00
035 ## - SYSTEM CONTROL NUMBER
System control number EN-127980
037 ## - SOURCE OF ACQUISITION
Source of stock number/acquisition DBAD
082 ## - DEWEY DECIMAL CLASSIFICATION NUMBER
Classification number S
100 ## - MAIN ENTRY--PERSONAL NAME
Personal name Reddy, Samhitha
245 ## - TITLE STATEMENT
Title The Jyotirlingas:
Remainder of title Tales of the Twelve Shrines/
Statement of responsibility, etc Samhitha Reddy
260 ## - PUBLICATION, DISTRIBUTION, ETC. (IMPRINT)
Place of publication, distribution, etc Gurugram
Name of publisher, distributor, etc Hachette Books Publishing
Date of publication, distribution, etc 2024
270 ## - ADDRESS
Address 4th and 5th Floor, Corporate Centre, Plot No.-94, Sector 44,
City Gurugram
Postal code 122003
300 ## - PHYSICAL DESCRIPTION
Extent 242p.
Dimensions 20cm(pb)
942 ## - ADDED ENTRY ELEMENTS (KOHA)
Source of classification or shelving scheme Dewey Decimal Classification
Item type English Books
Classification part S
Call number suffix RED
Holdings
Withdrawn status Lost status Not for loan Collection code Home library Current library Date acquired Source of acquisition Cost, normal purchase price Full call number Barcode Copy number Cost, replacement price Koha item type
    Not For Loan Non-fiction D.B.Act.Division D.B.Act.Division 02/04/2025 Delivery of Books Act Division 399.00 S RED EN-127980 1 399.00 English Books

© Delhi Public Library
Hit Counter
free hit counter